|
|
|
|
| LEADER |
00000nam a22000007a 4500 |
| 003 |
cru CIDCACS/IIS |
| 005 |
20230126143732.0 |
| 008 |
230126b |||||||| |||| 00| 0 spa d |
| 040 |
|
|
|c cru CIDCACS/IIS
|
| 090 |
|
|
|a REV0119
|
| 110 |
2 |
|
|9 9682
|a Centro de Documentación de Honduras
|
| 245 |
1 |
|
|a Boletín Mensual /
|c Centro de Documentación de Honduras
|
| 260 |
|
|
|a Tegucigalpa, Honduras:
|b CEDOH,
|c 1981-
|
| 270 |
|
|
|e Apdo. 1882
|
| 500 |
|
|
|a EXISTENCIAS : 1981-1982 (1-19) 1983 (20-32, balance esp.) 1984-1985 (33- 56) 1986 (57-68) 1987 (69-80) 1988 (81-92) 1989 (93-104) 1990 (105-116) 1991 (117-128) 1992 (129-140) 1993 (141-152) 1994 (153-164) 1995 (165-176) 1996 (177-188) 1997 (189-200) PERIODICIDAD: Mensual
|
| 500 |
|
|
|a Colección Centroamérica
|
| 500 |
|
|
|a ANTES SE LLAMABA BOLETIN INFORMATIVO. EL N. 200 ES EL ULTIMO QUE SE PUBLICA y FINALIZA LA PUBLICACION
|
| 650 |
|
0 |
|9 411
|a DESARROLLO POLITICO
|
| 650 |
|
0 |
|9 67
|a SISTEMAS POLITICOS
|
| 650 |
|
0 |
|9 38
|a DERECHOS HUMANOS
|
| 651 |
|
4 |
|9 2652
|a HONDURAS
|
| 942 |
|
|
|2 ddc
|c PP
|
| 999 |
|
|
|c 44693
|d 44693
|